| 000 | 00439nam a2200169Ia 4500 | ||
|---|---|---|---|
| 008 | 220216s9999 xx 000 0 und d | ||
| 100 | _aHyne V | ||
| 245 | 0 | _aQTL analysis: further uses of marker regression | |
| 260 |
_bTheoretical and Applied Genetics _c1995 |
||
| 300 | _a471-476 | ||
| 650 | _aMapmaker/QTL | ||
| 650 | _aMarker regression | ||
| 650 | _aQTL | ||
| 650 | _aRegression mapping | ||
| 700 | _aKearsey M J | ||
| 942 | _cJS | ||
| 999 |
_c66145 _d66145 |
||